| 000 | 00469nam a22001697a 4500 | ||
|---|---|---|---|
| 005 | 20251108173030.0 | ||
| 008 | 250721s1999 xx 000 0 ara d | ||
| 082 | 1 | 4 | _a658.5 /منص |
| 100 | 1 | _aالمنصور، كاسر نصر | |
| 245 | 1 | 0 | _aإدارة الإنتاج والعمليات / |
| 264 | 1 |
_aعمان : _bدار الحامد، _c1999. |
|
| 300 | _a369 ص | ||
| 650 | 1 | 7 | _aالإدارة |
| 650 | 1 | 7 | _aالإنتاج |
| 942 |
_2ddc _cBK |
||
| 999 |
_c94476 _d94476 |
||